000
00307nam a22001217a 4500
999
_c
66720
_d
66717
082
_a
R/4CE16
100
_a
Shuban Ali Mangnejo
_a
16CE46
245
_a
Effect of Impact Loading Old Neem Tree
260
_a
Nawabshah
_b
QUEST
_c
2019
300
_a
20
700
_a
Department of Civil Engineering
942
_c
THESIS